000 00295nam a22001337a 4500
008 170529b xxu||||| |||| 00| 0 eng d
020 _a0201017741
041 _aeng
080 _a621.3
100 _a27
101 _aIM
245 _aENGINEERING DESIGN GRAPHICS
_cEARLE, J.H
942 _2udc
_cBK
999 _c14795
_d14795